Państwo europejskie z trójkolorową flagą. - Statystyki

Ogólne statystyki
  • Ten quiz został rozwiązany 23 razy
  • Średni wynik to 13 z 16
Statystyki odpowiedzi
Hint Odpowiedź % Poprawnych
3. Holandia
100%
15. Wielka Brytania
91%
11. Czechy
86%
14. Francja
86%
10. Litwa
86%
1. Niemcy
86%
12. Węgry
86%
13. Włochy
86%
9. Estonia
82%
8. Islandia
82%
2. Rosja
82%
7. Luksemburg
77%
16. Norwegia
77%
6. Rumunia
77%
5. Bułgaria
73%
4. Słowenia
64%
Nie znaleziono quizów pasujących do podanych kryteriów
Rozkład punktacji
Procent ludzi z każdym wynikiem
Percentyl według liczby udzielonych odpowiedzi
Twoja historia wyników
Nie rozwiązałeś tego quizu